000 01255cam a2200325 4500
001 780567
003 OSt
005 20230627113021.0
008 730828s1973 gw 100 0 eng
010 _a 73079405
015 _aGDR
020 _a3503010270
040 _aDLC
_cDLC
_dDLC
041 0 _aengfreger
050 0 0 _aGF3
_b.I4 1972
082 0 0 _a333.7
_bIPC
111 2 _aInternational Parliamentary Conference on the Environment,
_b2d,
_cVienna,
_d1972.
245 1 4 _aThe parliamentary viewpoint on the Stockholm conference;
_bproceedings. Le point de vue parlementaire sur la Conférence de Stockholm; procès-verbaux. Der parlamentarische Standpunkt zur Stockholmer Konferenz; Bericht.
260 _a[Berlin]
_bE. Schmidt
_c[1973]
300 _a180 p.
_c21 cm.
350 _a24.00M
440 0 _aBeiträge zur Umweltgestaltung,
_vHeft A 9
500 _aEnglish, French, and German.
611 2 0 _aUnited Nations Conference on the Human Environment
_d(1972 :
_cStockholm, Sweden)
650 0 _aHuman ecology
_xCongresses.
740 _aLe point de vue parlementaire sur la Conférence de Stockholm.
740 _aDer parlamentarische Standpunkt zur Stockholmer
906 _a7
_bcbc
_corignew
_d2
_eopcn
_f19
_gy-gencatlg
942 _2ddc
_cBK
999 _c2838
_d2838